00298nam a22001217a 4500020001500000082001400015100001400029245004500043260004400088300000800132650002300140700001300163 a8121930847 a541.3 BAH aArun Bahi aNumerical Problems in Physical Chemistry aNew DelhibS.Chand & Company Ltd.c2009 a391 aNumerical Problems aB.S.Bahi